Zeitschrift fur auslandisches und internationales privatrecht

Αποθηκεύτηκε σε:
Λεπτομέρειες βιβλιογραφικής εγγραφής
Κύριος συγγραφέας: Rabel, Ernst
Μορφή: Βιβλίο
Γλώσσα:German
Δημοσίευση: Berlin : Walter de Gruyter & Co, 1958
Θέματα:
Ετικέτες: Προσθήκη ετικέτας
Δεν υπάρχουν, Καταχωρήστε ετικέτα πρώτοι!

MARC

LEADER 00000cam a2200000 i 4500
001 1/55881
008 070924s1958 ger d
035 |l 10090986 
040 |a GR-MY-UA  |b gre  |e aacr 
041 0 |a ger 
082 0 |a 340.2  |2 (22) 
100 1 |a Rabel, Ernst. 
245 1 0 |a Zeitschrift fur auslandisches und internationales privatrecht /  |c begrundet von Ernst Rabel 
260 |a Berlin :   |b Walter de Gruyter & Co,   |c 1958 
300 |a [21-43 σ.];  |c 24 εκ. 
500 |a Sonderdruck aus Max-Planck Institut fur auslandisches und internationales privatrecht. Herausgegeben in Gemeinschaft mit B. Aubin, A. Makarov, H. Neuhaus, K. Zweigert von Hans Dolle 
650 0 0 |a Conflict of laws. 
650 0 0 |a Comparative law. 
852 |a INST  |b CHIOS  |e 20070924  |h 340.2 RAB  |p 005200028844  |q 005200028844  |t BK  |y 0 
901 |a BIBL2-2007-3 
909 |a Χ  |b 131241 
970 |a ΒΑΣΙΛΑΚΗ  |b ΝΙΚΗ  |z 2007/09/24